Les 10 villes de France les plus peuplées commençant par D - Statistiques

Statistiques générales
  • Ce quiz a été pris 92 fois
  • Le résultat moyen est 4 sur 10
Statistiques - réponses
# Ville Population % Correct
1 Dijon 159.941
84%
2 Dunkerque 87.013
66%
3 Drancy 71.312
50%
5 Douai 39.833
42%
7 Dreux 31.205
40%
10 Dieppe 28.599
36%
4 Draguignan 40.789
36%
9 Draveil 29.824
7%
8 Décines-Charpieu 29.905
6%
6 Dumbéa (2019) 35.873
1%
Aucun quiz correspondant
Distribution des résultats
% des personnes avec chaque résultat
Percentile par nombre de réponses
Votre historique - résultats
Vous n’avez pas pris ce quiz